Nelson Mandela / (Registro nro. 15545)
[ vista simple ]
| 000 -LEADER | |
|---|---|
| fixed length control field | 01328nam a22002777a 4500 |
| 003 - CONTROL NUMBER IDENTIFIER | |
| control field | OSt |
| 005 - DATE AND TIME OF LATEST TRANSACTION | |
| control field | 20210414181033.0 |
| 008 - FIXED-LENGTH DATA ELEMENTS--GENERAL INFORMATION | |
| fixed length control field | 210414s2001 enkao||fr|||| 00| 0beng d |
| 020 ## - INTERNATIONAL STANDARD BOOK NUMBER | |
| International Standard Book Number | 9780582461659 |
| 040 ## - CATALOGING SOURCE | |
| Original cataloging agency | CO-JMCR |
| Transcribing agency | CO-JMCR |
| 041 0# - LANGUAGE CODE | |
| Language code of text/sound track or separate title | eng |
| 082 04 - DEWEY DECIMAL CLASSIFICATION NUMBER | |
| Classification number | 323.168 / |
| Item number | D318n |
| Edition number | 23 |
| 100 1# - MAIN ENTRY--PERSONAL NAME | |
| Personal name | Degnan-Veness, Coleen, |
| Relator term | autora |
| 9 (RLIN) | 36860 |
| 245 10 - TITLE STATEMENT | |
| Title | Nelson Mandela / |
| Statement of responsibility, etc. | Coleen Degnan-Veness |
| 250 ## - EDITION STATEMENT | |
| Edition statement | First published |
| 260 ## - PUBLICATION, DISTRIBUTION, ETC. | |
| Place of publication, distribution, etc. | Harlow, |
| Name of publisher, distributor, etc. | Pearson Education, |
| Date of publication, distribution, etc. | 2001 |
| 300 ## - PHYSICAL DESCRIPTION | |
| Extent | 24 páginas : |
| Other physical details | ilustraciones y fotografías a blanco y negro ; |
| Dimensions | 20 cm. |
| 490 0# - SERIES STATEMENT | |
| Series statement | Penguin Reader |
| Volume/sequential designation | Level 2 |
| 505 0# - FORMATTED CONTENTS NOTE | |
| Formatted contents note | From Country boy to city lawyer -- The freedom fighter -- Treason trial and a new wife -- Time for violence -- Life in prison -- Freedom -- President Mandela |
| 520 3# - SUMMARY, ETC. | |
| Summary, etc. | La vida de Nelson Mandela es la historia de un chico de campo y su lucha por los negros de Sudáfrica. La extraordinaria historia de un gran hombre, un luchador por la libertad y uno de los líderes más importantes del mundo. |
| 600 ## - SUBJECT ADDED ENTRY--PERSONAL NAME | |
| Personal name | Mandela, Nelson, |
| General subdivision | Literatura juvenil |
| Chronological subdivision | 1918-2013 |
| 9 (RLIN) | 36861 |
| 650 14 - SUBJECT ADDED ENTRY--TOPICAL TERM | |
| Topical term or geographic name entry element | Libros de vocabulario de alto interés y bajo |
| 9 (RLIN) | 36862 |
| 650 24 - SUBJECT ADDED ENTRY--TOPICAL TERM | |
| Topical term or geographic name entry element | Congreso Nacional Africano |
| General subdivision | Literatura juvenil |
| Geographic subdivision | Sudáfrica |
| 9 (RLIN) | 36863 |
| 650 24 - SUBJECT ADDED ENTRY--TOPICAL TERM | |
| Topical term or geographic name entry element | Presidentes |
| General subdivision | Literatura juvenil |
| Geographic subdivision | Sudáfrica |
| 9 (RLIN) | 36864 |
| 942 ## - ADDED ENTRY ELEMENTS (KOHA) | |
| Source of classification or shelving scheme | Dewey Decimal Classification |
| Koha item type | Books |
| Withdrawn status | Lost status | Source of classification or shelving scheme | Damaged status | Not for loan | Collection code | Home library | Current library | Date acquired | Source of acquisition | Total Checkouts | Full call number | Barcode | Date last seen | Copy number | Price effective from | Koha item type | Public note |
|---|---|---|---|---|---|---|---|---|---|---|---|---|---|---|---|---|---|
| Dewey Decimal Classification | Non-fiction | Biblioteca Pública José María del Castillo y Rada | Biblioteca Pública José María del Castillo y Rada | 04/15/2018 | Donación | 323.168 / D318n | 201809251 | 05/16/2024 | Ej.1 | 04/14/2021 | Books | Exlibris: Nota en portada "Carolina Carreño 9°c" |